Le Corbusier : (Record no. 51324)

MARC details
000 -LEADER
fixed length control field 01183cam a22002774a 4500
001 - CONTROL NUMBER
control field vtls003113553
003 - CONTROL NUMBER IDENTIFIER
control field MY-SjTCS
005 - DATE AND TIME OF LATEST TRANSACTION
control field 20200306164857.0
008 - FIXED-LENGTH DATA ELEMENTS--GENERAL INFORMATION
fixed length control field 080619s2008 fr a b 000 0 eng
020 ## - INTERNATIONAL STANDARD BOOK NUMBER
International Standard Book Number 9783764382308 (alk. paper)
039 #9 - LEVEL OF BIBLIOGRAPHIC CONTROL AND CODING DETAIL [OBSOLETE]
Level of rules in bibliographic description 201209041058
Level of effort used to assign nonsubject heading access points izani
Level of effort used to assign subject headings 200806241127
Level of effort used to assign classification pushpa
Level of effort used to assign subject headings 200806191609
Level of effort used to assign classification zatul
Level of effort used to assign subject headings 200806191604
Level of effort used to assign classification zatul
-- 200806191554
-- zatul
082 04 - DEWEY DECIMAL CLASSIFICATION NUMBER
Classification number 728.8092
Item number SBR
100 1# - MAIN ENTRY--PERSONAL NAME
Personal name Sbriglio, Jacques.
9 (RLIN) 255865
245 10 - TITLE STATEMENT
Title Le Corbusier :
Remainder of title the villa Savoye /
Statement of responsibility, etc. Jacques Sbriglio.
246 30 - VARYING FORM OF TITLE
Title proper/short title Villa Savoye
260 ## - PUBLICATION, DISTRIBUTION, ETC.
Place of publication, distribution, etc. Paris :
Name of publisher, distributor, etc. Fondation Le Corbusier ;
Place of publication, distribution, etc. Basel :
Name of publisher, distributor, etc. Birkhauser,
Date of publication, distribution, etc. c2008.
300 ## - PHYSICAL DESCRIPTION
Extent 135 p. :
Other physical details ill. (some col.) ;
Dimensions 22 cm.
490 #0 - SERIES STATEMENT
Series statement Guides Le Corbusier
500 ## - GENERAL NOTE
General note Original ed. (French/English): c1997.
504 ## - BIBLIOGRAPHY, ETC. NOTE
Bibliography, etc. note Includes bibliographical references (p. 135).
505 ## - FORMATTED CONTENTS NOTE
Formatted contents note Orientation guide - History of a country house - From oblivion to consecration - Principles of the modern dwelling - Bibliography.
600 00 - SUBJECT ADDED ENTRY--PERSONAL NAME
Personal name Le Corbusier,
Dates associated with a name 1887-1965
General subdivision Criticism and interpretation
9 (RLIN) 10668
610 20 - SUBJECT ADDED ENTRY--CORPORATE NAME
Corporate name or jurisdiction name as entry element Villa Savoye (Poissy, France)
9 (RLIN) 255866
651 #0 - SUBJECT ADDED ENTRY--GEOGRAPHIC NAME
Geographic name Poissy (France)
General subdivision Buildings, structures, etc.
9 (RLIN) 255867
920 ## - Programme
Programme SABD : 527093
Holdings
Withdrawn status Lost status Source of classification or shelving scheme Damaged status Not for loan Home library Current library Date acquired Total Checkouts Barcode Date last seen Date last checked out Copy number Koha item type Public note
  Lost Dewey Decimal Classification     Taylor's Library-TU Taylor's Library-TU 19/06/2008 42 1001009702 28/10/2014 28/10/2014 1 Main Collection SABDx,23003,03,CL